Score 0/25 Timer 06:00
7 Plays Today
Movie % Correct
Dumbo
97.1%
Dracula
92%
Dirty Dancing
86.9%
Despicable Me
78.9%
Dumb and Dumber
78.9%
Date Night
72.8%
Dirty Harry
69.2%
Die Hard with a Vengeance
59.2%
The Dark Knight
56.1%
The Departed
52.3%
Dances with Wolves
49.9%
Dawn of the Dead
45.9%
The Da Vinci Code
45.4%
Movie % Correct
Donnie Darko
44.5%
Doubt
36.9%
Dogma
34.3%
The Deer Hunter
30.5%
Dinner for Schmucks
28.2%
Duck Soup
28%
The Day the Earth Stood Still
26.8%
Dr. No
26.5%
Dr. Strangelove ....
25.4%
Dog Day Afternoon
24.4%
Dial M for Murder
23.7%
Defiance
20%
Remove Ads.
Support Sporcle.
Get the best of Sporcle when you Go Orange. This ad-free experience offers more features, more stats, and more fun while also helping to support Sporcle. Thank you for becoming a member.

You're not logged in!

Compare scores with friends on all Sporcle quizzes.
OR
Log In

Show Comments

Extras

Top Quizzes Today


Score Distribution

Your Account Isn't Verified!

In order to create a playlist on Sporcle, you need to verify the email address you used during registration. Go to your Sporcle Settings to finish the process.

Report this User

Report this user for behavior that violates our Community Guidelines.

Details: